ARRUPE JESUIT UNIVERSITY

CORONAVIRUS -STOP THE SPREAD - CLEAN,DISINFECT,COVER

O outro pé da sereia / (Record no. 126987)

MARC details
000 -LEADER
fixed length control field 00683cam a22002177a 4500
001 - CONTROL NUMBER
control field 14818139
003 - CONTROL NUMBER IDENTIFIER
control field ARRUPE
005 - DATE AND TIME OF LATEST TRANSACTION
control field 20170929091401.0
008 - FIXED-LENGTH DATA ELEMENTS--GENERAL INFORMATION
fixed length control field 060905s2006 po 000 0 por
010 ## - LIBRARY OF CONGRESS CONTROL NUMBER
LC control number 2007439092
020 ## - INTERNATIONAL STANDARD BOOK NUMBER
International Standard Book Number 9722117955
040 ## - CATALOGING SOURCE
Original cataloging agency DLC
Transcribing agency DLC
050 00 - LIBRARY OF CONGRESS CALL NUMBER
Classification number MLCS 2007/46656 (P)
300 ## - PHYSICAL DESCRIPTION
Dimensions 21 cm.
100 1# - MAIN ENTRY--PERSONAL NAME
Personal name Couto, Mia,
Dates associated with a name 1955-
9 (RLIN) 12281
245 12 - TITLE STATEMENT
Title O outro pé da sereia /
Statement of responsibility, etc Mia Couto.
250 ## - EDITION STATEMENT
Edition statement 2. a ed.
260 ## - PUBLICATION, DISTRIBUTION, ETC. (IMPRINT)
Place of publication, distribution, etc Maputo
Name of publisher, distributor, etc Ndajira
Date of publication, distribution, etc 2010
300 ## - PHYSICAL DESCRIPTION
Extent 382 p. ;
490 0# - SERIES STATEMENT
Series statement Outras margens ;
Volume number/sequential designation 55
906 ## - LOCAL DATA ELEMENT F, LDF (RLIN)
a 7
b cbc
c origres
d 4
e ncip
f 20
g y-gencatlg
942 ## - ADDED ENTRY ELEMENTS (KOHA)
Source of classification or shelving scheme Library of Congress Classification
Koha item type Monograph ( Printed materials)
Holdings
Withdrawn status Lost status Source of classification or shelving scheme Damaged status Not for loan Collection code Home library Current library Shelving location Date acquired Total Checkouts Full call number Barcode Date last seen Price effective from Koha item type
    Library of Congress Classification     Main Collection ARRUPE LIBRARY ARRUPE LIBRARY Main Collection 29/09/2017   PR9408.M87 C6 O6 46500027879 29/09/2017 29/09/2017 Monograph ( Printed materials)

 

Arrupe Library. PO Box MP320 Mt Pleasant, Harare, Zimbabwe
263 242 745411|librarian@aju.ac.zw